| 000 | 00416 a2200169 4500 | ||
|---|---|---|---|
| 003 | OSt | ||
| 005 | 20180116182651.0 | ||
| 008 | 160613b xxu||||| |||| 00| 0 eng d | ||
| 020 | _a0 | ||
| 040 | _c0 | ||
| 082 | _a954 BAS 2004 | ||
| 100 | _aA.L.BASHAM | ||
| 245 |
_aTHE WONDER THAT WAS INDIA _cA.L.BASHAM |
||
| 260 |
_aROYAL BOOK COMPANY PAKISTAN _c2004 |
||
| 300 |
_a572 p. _bPB |
||
| 942 |
_aNBS _cBK _k954 BAS _2ddc |
||
| 999 |
_c343706 _d343706 |
||